000 00508nam a22001937a 4500
003 MPLRDC
005 20220104191842.0
008 210129b ||||| |||| 00| 0 eng d
020 _a978-7-115-26160-1
082 _a859.6 KEE v.2
100 _aCAROLYN KEENE
245 _a和时间赛跑
_c童趣出版有限公司 编译
250 _a一版一刷
260 _a中国
_b人民邮电出版社
_c2012
300 _b
490 _a少女妙探
650 _a儿童文学
942 _cBK
_o859.6 KEE v.2
999 _c64438
_d64428